000 00794cam a2200193 i 4500
005 20260125094009.0
008 250721s2024 ue gr 000 0 ara d
020 _a9789779402505
082 1 4 _a345.05
_bم و ا
100 1 _aموافي، احمد محمود
_eمؤلف.
245 1 0 _aمنازعات منقولات الزوجية في قضاء المحاكم المصرية :
_bمجموعة اجراءات التقاضي امام محكمة الاسرة /
_cالمستشار احمد محمود موافي.
250 _aطبعة مزيدة ومنقحة.
264 3 _aالقاهرة :
_bدار الاهرام للنشر،
_c2024.
300 _a312 صفحة.
650 1 7 _aالجرائم.
650 1 7 _aقانون الاسرة.
942 _2ddc
_cBK
999 _c146427
_d146427